| 000 | 00387nam a2200169Ia 4500 | ||
|---|---|---|---|
| 003 | OSt | ||
| 005 | 20240318105609.0 | ||
| 008 | 170619s9999 xx 000 0 und d | ||
| 020 | _a0074602756 | ||
| 040 | _cIIMT ENGINEERING COLLEGE | ||
| 100 | _aNag P K | ||
| 245 | 0 | _aEngineeringThermodynamics | |
| 260 | _bNew Delhi: TMH | ||
| 260 | _c2002 | ||
| 546 | _aENGLISH | ||
| 942 |
_2ddc _c02 |
||
| 999 |
_c16496 _d16496 |
||